ARRUPE JESUIT UNIVERSITY

CORONAVIRUS -STOP THE SPREAD - CLEAN,DISINFECT,COVER

The National Curriculum (Record no. 123706)

MARC details
000 -LEADER
fixed length control field 00968cam a2200301 a 4500
001 - CONTROL NUMBER
control field 3037776
003 - CONTROL NUMBER IDENTIFIER
control field ARRUPE
005 - DATE AND TIME OF LATEST TRANSACTION
control field 20151030113821.0
008 - FIXED-LENGTH DATA ELEMENTS--GENERAL INFORMATION
fixed length control field 940808s1994 enk b 001 0 eng d
010 ## - LIBRARY OF CONGRESS CONTROL NUMBER
LC control number 95106767
020 ## - INTERNATIONAL STANDARD BOOK NUMBER
International Standard Book Number 1853962414
022 ## - INTERNATIONAL STANDARD SERIAL NUMBER
International Standard Serial Number 9781853961151
035 ## - SYSTEM CONTROL NUMBER
System control number (OCoLC)30901245
040 ## - CATALOGING SOURCE
Original cataloging agency MiYEM
Transcribing agency MiYEM
Modifying agency DLC
042 ## - AUTHENTICATION CODE
Authentication code lccopycat
050 04 - LIBRARY OF CONGRESS CALL NUMBER
Classification number LB1564.G7
Item number K29
082 00 - DEWEY DECIMAL CLASSIFICATION NUMBER
Classification number 372.190941
Edition number 20
300 ## - PHYSICAL DESCRIPTION
Dimensions 21 cm.
100 ## - MAIN ENTRY--PERSONAL NAME
Personal name Kelly, A. V.
9 (RLIN) 20816
245 04 - TITLE STATEMENT
Title The National Curriculum
Remainder of title A critical review
Statement of responsibility, etc by Kelly, A. V.
260 ## - PUBLICATION, DISTRIBUTION, ETC. (IMPRINT)
Place of publication, distribution, etc London :
Name of publisher, distributor, etc P. Chapman,
Date of publication, distribution, etc c1990.
300 ## - PHYSICAL DESCRIPTION
Extent xii, 147p. ;
650 #0 - SUBJECT ADDED ENTRY--TOPICAL TERM
Topical term or geographic name as entry element Education
General subdivision Curricula
Geographic subdivision Great Britain.
9 (RLIN) 20793
650 #0 - SUBJECT ADDED ENTRY--TOPICAL TERM
Topical term or geographic name as entry element Education and state
Geographic subdivision Great Britain.
9 (RLIN) 20794
700 1# - ADDED ENTRY--PERSONAL NAME
Personal name Kelly, A. V.
Fuller form of name (Albert Victor)
9 (RLIN) 20817
906 ## - LOCAL DATA ELEMENT F, LDF (RLIN)
a 7
b cbc
c copycat
d 2
e ncip
f 19
g y-gencatlg
942 ## - ADDED ENTRY ELEMENTS (KOHA)
Source of classification or shelving scheme Library of Congress Classification
Koha item type Monograph ( Printed materials)
Holdings
Withdrawn status Lost status Source of classification or shelving scheme Damaged status Not for loan Collection code Home library Current library Shelving location Date acquired Total Checkouts Full call number Barcode Date last seen Date checked out Price effective from Koha item type
    Library of Congress Classification     Main Collection ARRUPE LIBRARY ARRUPE LIBRARY Main Collection 30/10/2015 1 LB1564.G7K29 46500005797 28/06/2018 19/01/2018 30/10/2015 Monograph ( Printed materials)

 

Arrupe Library. PO Box MP320 Mt Pleasant, Harare, Zimbabwe
263 242 745411|librarian@aju.ac.zw